| 000 | 00000nam##2200000za#4500 |
| 001 | 9.696398 |
| 003 | CaOODSP |
| 005 | 20210624235021 |
| 007 | cr ||||||||||| |
| 008 | 150407|2001||||xxc|||||o f|0| 0 eng|d |
| 040 | |aCaOODSP|beng |
| 043 | |an-cn--- |
| 086 | 1 |aH39-578/2001E-PDF |
| 110 | 1 |aCanada. |bHealth Canada. |
| 245 | 10|aLanguage barriers in access to health care / |h[electronic resource]|cprepared by Sarah Bowen for Health Canada. |
| 260 | |aOttawa - Ontario : |bHealth Canada |cc2001. |
| 300 | |a134p.|bglossary, references, tables |
| 500 | |aThe catalogue number (H39-578/2001E) and ISBN (0-662-30538-8) for the print edition have been incorrectly copied in this electronic publication. |
| 590 | |a12-32-Supp|b2012-07-11 |
| 720 | 1 |aBowen, Sarah |
| 775 | 08|tBarrières linguistiques dans l'accès aux soins de santé / |w(CaOODSP)9.640514 |
| 856 | 40|ahttp://publications.gc.ca|qPDF|s2310 KB|uhttps://publications.gc.ca/collections/collection_2012/sc-hc/H39-578-2001-eng.pdf |